Дело о приезде в Санкт-Петербург ее императорского высочества великой княгини Марии Александровны, вдовствующей герцогини Саксен...

Доступно только в Электронных читальных залах Найти на картеНа карте
RUSMARC
00003648nmc2a22002413x 450
001c235ec14-af45-4535-b91c-bf546ff802ee
00520250902025714.0
100##$a20250130l19141914k l0rusy0189 ca
1010#$arus
$afre
102##$aRU
105##$ay###
1222#$ad
2001#$aДело о приезде в Санкт-Петербург ее императорского высочества великой княгини Марии Александровны, вдовствующей герцогини Саксен-Кобург-Гатской
$j14 января - апрель 1914 г.
215##$a22 л.
$d36,5х26 см
251##$cДело
300##$aНа русском и французском языках
371##$aДокумент не является опубликованным и широко распространяемым
461#0$100108cd6ec2-be9a-457f-a0b6-fa449e506316
$12001
$aКанцелярия Министерства Императорского двора
$1251
$cФонд
$1852
$j472
462#0$10017d3fcec4-adce-4fb2-ab35-fb083887456e
$12001
$aКанцелярия Министерства Императорского двора
$1251
$cОпись
$1852
$j45
$l1914 г.
801#0$aRU
$bРГИА
$c20250130
$gRCR
801#1$aRU
$bГлавНИВЦ
$c20250130
$2rusmarc
801#2$aRU
$bПБ им. Б.Н. Ельцина
$c20250902
$gRCR
$2rusmarc
850##$aРГИА
852##$aРГИА
$eФедеральное казенное учреждение "Российский государственный исторический архив" (РГИА)
$j22
937##$hРГИА
$d12419927
$aASBIBLIO_SCAN
035##$aRusGRCC00085364
856##$uhttp://readingroom.main.prlib.ru/item.aspx?id_node=n198182107&mode=full
Формат отображения